000 00851cam a2200253 a 4500
001 14208699
005 20180109032750.0
008 051223s2007 nju f 001 0 eng
010 _a 2005037490
020 _a9780131889569 (pbk. : spiral bound)
020 _a0131889567 (pbk. : spiral bound)
035 _a(OCoLC)ocm62742607
040 _aDLC
_cDLC
_dYDX
_dBAKER
_dYDXCP
_dBTCTA
_dOCLCG
_dDLC
041 _aeng
080 _a808.042
082 0 0 _a808.042 TRO
_222
100 1 _a46
101 _aEDU
245 1 0 _aQA compact /
_cLynn Quitman Troyka, Douglas Hesse.
246 3 _aQuick access compact
906 _a7
_bcbc
_corignew
_d1
_eecip
_f20
_gy-gencatlg
942 _2ddc
_cBK
999 _c39819
_d39819